| 000 | 00513nam a22001937a 4500 | ||
|---|---|---|---|
| 003 | MPLRDC | ||
| 005 | 20220104144157.0 | ||
| 008 | 210129b ||||| |||| 00| 0 eng d | ||
| 020 | _a957-8287-42-X | ||
| 082 | _a737.19 NAIP | ||
| 100 | _aSIR VIDIADHAR SURAJPRASAD NAIPAUL | ||
| 245 |
_a幽黯国度 _c李永平 译 |
||
| 250 | _a初版 | ||
| 260 |
_a台湾 _b马可孛罗文化 _c2001 |
||
| 300 | _b372 | ||
| 490 | _a当代名家旅行学. 29 | ||
| 650 | _a印度游记; 指南 | ||
| 942 |
_cBK _o737.19 NAIP |
||
| 999 |
_c47119 _d47109 |
||